| 000 | 00954nam a2200301 a 4500 | ||
|---|---|---|---|
| 001 | 59733 | ||
| 003 | BD-RjUL | ||
| 005 | 20211209080749.0 | ||
| 008 | 161227s2002 maua b 001 0 eng | ||
| 020 | _a0072314060 (alk. paper) | ||
| 035 | _a(BD-RjUL) 59857 | ||
| 040 |
_aDLC _cDLC _dDLC _dBD-RjUL _beng |
||
| 041 | _aeng | ||
| 082 | 0 | 0 |
_a658.421 _223 _bHIE 2002 |
| 100 | 1 |
_aHisrich, Robert D. _9177736 |
|
| 245 | 1 | 0 |
_aEntrepreneurship / _cRobert D. Hisrich, Michael P. Peters. |
| 250 | _a5th ed. | ||
| 260 |
_aBoston : _bMcGraw-Hill/Irwin, _cc2002. |
||
| 300 |
_axix, 663 p. : _bill. ; _c27 cm. |
||
| 504 | _aIncludes bibliographical references and index. | ||
| 650 | 0 |
_aNew business enterprises. _9177737 |
|
| 650 | 0 |
_aEntrepreneurship. _9177738 |
|
| 650 | 0 |
_aBusiness planning. _9175243 |
|
| 650 | 0 |
_aBusiness enterprises _xFinance. _9177739 |
|
| 650 | 0 |
_aSuccess in business. _9177740 |
|
| 700 | 1 |
_aPeters, Michael P. _9177741 |
|
| 942 |
_2ddc _cBK |
||
| 999 |
_c59733 _d59733 |
||